Frontiers of financial management : selected readings /

Guardat en:
Dades bibliogràfiques
Autor principal: Serraino, William J.
Altres autors: Singhvi, Surendra S., Soldofsky, Robert M.
Format: Llibre
Idioma:English
Publicat: Cincinnati, Ohio : South-Western Pub, 1976.
Edició:2nd ed.
Matèries:
LEADER 01289cam a2200313 4500
001 c000185058
003 CARM
005 20050816095226.0
008 890501s1976 ohua b 001 0 eng d
019 1 |a 385127  |z 23838922  |5 LACONCORD2021 
020 |a 0538062606 
035 |a (OCoLC)2090790  |5 LACONCORD2021 
040 |a NUWS:W  |b eng  |c VCAV 
082 0 0 |a 658.15  |2 19 
100 1 |a Serraino, William J. 
245 1 0 |a Frontiers of financial management :  |b selected readings /  |c William J. Serraino, Surendra S. Singhvi, Robert M. Soldofsky. 
250 |a 2nd ed. 
260 |a Cincinnati, Ohio :  |b South-Western Pub,  |c 1976. 
300 |a x, 439 p. :  |b diagrs., tables ;  |c 23 cm. 
500 |a Includes bibliographical referencesand index 
650 0 |a Business enterprises  |x Finance. 
650 0 |a Corporations  |x Finance. 
700 1 |a Singhvi, Surendra S. 
700 1 |a Soldofsky, Robert M. 
852 8 |b CARM  |h A2:AP02E0  |i C07151  |p 0257754  |f BK 
852 8 |b CARM  |h A1:AL08D0  |i C10369  |p 0445672  |f BK 
999 f f |i 1f3d8bd5-03f7-5714-b269-3989629f0241  |s 6fc18b11-a87a-5ba8-8ad8-217fb62a77a3 
952 f f |p Can circulate  |a CAVAL  |b CAVAL  |c CAVAL  |d CARM 1 Store  |e C07151  |f A2:AP02E0  |h Other scheme  |i book  |m 0257754 
952 f f |p Can circulate  |a CAVAL  |b CAVAL  |c CAVAL  |d CARM 1 Store  |e C10369  |f A1:AL08D0  |h Other scheme  |i book  |m 0445672